[Event "BADIJ    BAGIJ    I"]
[Site "SchemingMind.com"]
[Date "2018.03.08"]
[Round "-"]
[White "grabapawn"]
[Black "JAHI"]
[Result "0-1"]
[WhiteCountry "USA"]
[BlackCountry "INT"]
[WhiteElo "1545"]
[WhiteRD "52"]
[BlackElo "2108"]
[BlackRD "71"]
[GameID "425649"]

1. d4 c6 2. Bf4 c5 3. e3 cxd4 4. exd4 Nf6 5. Bd3 Nc6 6. c3 d6 7. Nd2 g6 8. Be2 Bg7 9. h3 Nd5 10. Bh2 Bf5
11. g4 Bd7 12. Ngf3 Na5 13. Ne4 Rc8 14. Nfg5 f6 15. Nf3 a6 16. Nh4 Bc6 17. g5 Nxc3 18. bxc3 Bxe4 19. f3 Bd5 20. O-O fxg5
21. Ng2 Rxc3 22. Qa4+ Nc6 23. Kh1 Qd7 24. Rad1 Qxh3 25. Rb1 Bxd4 26. Rxb7 Be5
0-1

[Event "BADIJ    BAGIJ    I"]
[Site "SchemingMind.com"]
[Date "2018.03.08"]
[Round "-"]
[White "JAHI"]
[Black "grabapawn"]
[Result "1-0"]
[WhiteCountry "INT"]
[BlackCountry "USA"]
[WhiteElo "2108"]
[WhiteRD "71"]
[BlackElo "1545"]
[BlackRD "52"]
[GameID "425650"]

1. d3 d6 2. e3 Nf6 3. e4 Nbd7 4. Bg5 e5 5. Bxf6 Nxf6 6. Nf3 Be7 7. Be2 c6 8. Nbd2 Qb6 9. Qb1 Ng4 10. Rf1 h5
11. c3 Be6 12. Qc2 h4 13. h3 Nh6 14. d4 f5 15. dxe5 O-O-O 16. Nd4 Bd7 17. e6 Be8 18. Nxf5 Nxf5 19. exf5 d5 20. Nf3 Kb8
21. Ne5 Rf8 22. Bg4 d4 23. Rd1 dxc3 24. Rxd8+ Bxd8 25. bxc3 Qc5 26. Nd3 Qb5 27. Ke2 g6 28. Rb1 Qa6 29. c4 gxf5 30. Nc5 Qa5
31. Rxb7+ Ka8 32. e7 Bxe7 33. Qb3 Bd6 34. Rb8+ Bxb8 35. Qb7#
1-0

[Event "BADIJ    BAGIJ    I"]
[Site "SchemingMind.com"]
[Date "2018.03.08"]
[Round "-"]
[White "grabapawn"]
[Black "Keithk"]
[Result "0-1"]
[WhiteCountry "USA"]
[BlackCountry "ENG"]
[WhiteElo "1545"]
[WhiteRD "52"]
[BlackElo "2306"]
[BlackRD "75"]
[GameID "425653"]

1. d4 Nf6 2. Bf4 c5 3. e3 g6 4. c3 Qb6 5. Qb3 Bg7 6. Nd2 O-O 7. Bd3 d6 8. h4 Qc7 9. Qd1 cxd4 10. exd4 e5
11. dxe5 dxe5 12. Bg5 Nbd7 13. h5 Nc5 14. Bc2 e4 15. hxg6 hxg6 16. Nc4 Rd8 17. Qc1 Be6 18. Bh6 Bxc4 19. Bxg7 Ng4 20. Bd4 Rxd4
21. cxd4 e3 22. fxe3 Qg3+ 23. Kd1 Nf2+
0-1

[Event "BADIJ    BAGIJ    I"]
[Site "SchemingMind.com"]
[Date "2018.03.08"]
[Round "-"]
[White "Keithk"]
[Black "grabapawn"]
[Result "1-0"]
[WhiteCountry "ENG"]
[BlackCountry "USA"]
[WhiteElo "2306"]
[WhiteRD "75"]
[BlackElo "1545"]
[BlackRD "52"]
[GameID "425654"]

1. e4 d6 2. Nc3 Nf6 3. d4 Nbd7 4. Nf3 e5 5. Bc4 Be7 6. O-O c6 7. a4 Qc7 8. Re1 h6 9. h3 g5 10. a5 g4
11. hxg4 Nxg4 12. d5 Ndf6 13. Bd2 h5 14. Qe2 h4 15. Ng5 c5 16. a6 b6 17. f3 Nh6 18. f4 Bg4 19. Qf2 h3 20. Nb5 Qd7
21. fxe5 dxe5 22. d6 Bd8 23. Nc7+ Bxc7 24. Qxf6 Bxd6 25. Qxh8+ Ke7 26. Qxa8 hxg2 27. Nh7 Bc7 28. Qf8#
1-0

[Event "BADIJ    BAGIJ    I"]
[Site "SchemingMind.com"]
[Date "2018.03.08"]
[Round "-"]
[White "grabapawn"]
[Black "Robert Hatfield"]
[Result "0-1"]
[WhiteCountry "USA"]
[BlackCountry "USA"]
[WhiteElo "1545"]
[WhiteRD "52"]
[BlackElo "1837"]
[BlackRD "142"]
[GameID "425655"]

1. d4 Nf6 2. Bf4 g6 3. Nc3 d5 4. e3 Bg7 5. Bd3 O-O 6. h4 c5 7. h5 c4 8. Be2 Bd7 9. hxg6 fxg6 10. g4 Qb6
11. g5 Qxb2 12. Na4 Bxa4 13. Rc1 Ne4 14. f3 Qc3+ 15. Kf1 Rxf4 16. exf4 Ng3+ 17. Kg2 Nxh1 18. Kxh1 Qxd4 19. Qe1 Qxf4 20. Nh3 Qf5
21. Qg3 Bd7 22. Kh2 Qxh3+ 23. Qxh3 Bxh3 24. Kxh3 Nc6 25. f4 Nd4 26. Bg4 Nf5 27. Bf3 e6 28. Re1 Kf7 29. Kg4 Bc3 30. Rb1 Rb8
31. a4 b6 32. Rb5 Nd4 33. Rb1 Nxc2 34. Kg3 d4 35. Rc1 Ne3
0-1

[Event "BADIJ    BAGIJ    I"]
[Site "SchemingMind.com"]
[Date "2018.03.08"]
[Round "-"]
[White "Robert Hatfield"]
[Black "grabapawn"]
[Result "1-0"]
[WhiteCountry "USA"]
[BlackCountry "USA"]
[WhiteElo "1837"]
[WhiteRD "142"]
[BlackElo "1545"]
[BlackRD "52"]
[GameID "425656"]

1. e4 d6 2. d4 Nf6 3. Nc3 Nbd7 4. f4 e5 5. Nf3 Be7 6. Bc4 c6 7. O-O Qc7 8. Be3 h6 9. Kh1 Ng4 10. Qd2 d5
11. exd5 exd4 12. Bxd4 Ndf6 13. Rae1 cxd5 14. Bb5+ Kf8 15. Bd3 h5 16. Ne5 a6 17. Bg6 Be6 18. f5 fxg6 19. Nxg6+ Kg8 20. Nxe7+ Kf8
21. Ng6+ Kg8 22. Ne5 Bd7 23. Nxg4 Nxg4 24. Qf4 Qxf4 25. Rxf4 Rf8 26. Nxd5 Nf6 27. Nxf6+ gxf6 28. Re7 Bc6 29. Bc3 Rh7 30. Rxh7 Kxh7
31. Rh4 Kg7 32. Rxh5 Rg8 33. Rg5+ Kf7 34. Rxg8 Kxg8 35. Bxf6 Be4 36. Bd4 Bxf5 37. c3 Bb1 38. a4 Bc2 39. a5 Kf7 40. g4 Kg6
41. Kg2 Kg5 42. Kg3 Bd1 43. h4+ Kg6 44. h5+ Kg5 45. Be3+ Kf6 46. g5+ Kg7 47. Kh4 Bc2 48. g6 Bd3 49. Kg5
1-0

[Event "BADIJ    BAGIJ    I"]
[Site "SchemingMind.com"]
[Date "2018.03.20"]
[Round "-"]
[White "grabapawn"]
[Black "John Hamer"]
[Result "0-1"]
[WhiteCountry "USA"]
[BlackCountry "ENG"]
[WhiteElo "1528"]
[WhiteRD "56"]
[BlackElo "2038"]
[BlackRD "65"]
[GameID "426031"]

1. d4 c5 2. Bf4 Nf6 3. e3 g6 4. Nc3 Bg7 5. Bd3 O-O 6. h4 Qb6 7. h5 cxd4 8. exd4 Nxh5 9. Nd5 Qa5+ 10. Nc3 Nxf4
11. Nf3 Nxg2+ 12. Kf1 Nf4 13. Qd2 Nxd3 14. cxd3 d5 15. Ng5 h6 16. Qf4 e5 17. dxe5 hxg5 18. Qh2 Re8 19. Qh7+ Kf8 20. d4 Nc6
21. Rd1 Qa6+ 22. Kg2 Qc4 23. Qh2 Nxd4 24. Qg3 Nf5 25. Qd3 Qg4+ 26. Kf1 Rxe5 27. Nxd5 Be6 28. Qa3+ Kg8 29. Ne7+ Nxe7 30. Qxe7 Bc4+
0-1

[Event "BADIJ    BAGIJ    I"]
[Site "SchemingMind.com"]
[Date "2018.03.20"]
[Round "-"]
[White "John Hamer"]
[Black "grabapawn"]
[Result "1-0"]
[WhiteCountry "ENG"]
[BlackCountry "USA"]
[WhiteElo "2038"]
[WhiteRD "65"]
[BlackElo "1528"]
[BlackRD "56"]
[GameID "426032"]

1. d4 d6 2. Nf3 Nf6 3. c4 Nbd7 4. Nc3 e5 5. e4 Be7 6. Be2 c6 7. O-O Qc7 8. Qc2 h6 9. Rd1 Nf8 10. Be3 Ng4
11. Rac1 Ng6 12. Bd2 Nf4 13. h3 h5 14. hxg4 hxg4 15. Ne1 d5 16. Bxf4 exf4 17. e5 Be6 18. cxd5 cxd5 19. Qa4+ Bd7 20. Nb5 Qb6
21. e6 fxe6 22. Rc7 Bc6 23. Qc2 a6 24. Qg6+ Kd8 25. Qxe6
1-0

[Event "BADIJ    BAGIJ    I"]
[Site "SchemingMind.com"]
[Date "2018.03.21"]
[Round "-"]
[White "Timaeus"]
[Black "John Hamer"]
[Result "0-1"]
[WhiteCountry "JPN"]
[BlackCountry "ENG"]
[WhiteElo "1482"]
[WhiteRD "74"]
[BlackElo "2038"]
[BlackRD "65"]
[GameID "426033"]

1. d4 e6 2. Bf4 Nf6 3. e3 d5 4. Bd3 Bd6 5. Nf3 O-O 6. O-O c5 7. dxc5 Bxc5 8. Nc3 Bb4 9. a3 Bxc3 10. bxc3 Nc6
11. Be5 Qe7 12. Bxf6 Qxf6 13. c4 dxc4 14. Bxc4 Na5 15. Bb3 Rd8 16. Nd4 Bd7 17. Rb1 Rac8 18. Rc1 Qe7 19. a4 e5 20. Qe1 Nxb3
21. Nxb3 Bxa4 22. Qe2 b6 23. Rfe1 Bc6 24. f3 a5 25. Qa6 a4 26. Na1 Qc5 27. Red1 Qxe3+ 28. Kf1 e4 29. Rxd8+ Rxd8 30. Re1 Qc5
31. fxe4 Bb5+ 32. Qxb5 Qxb5+ 33. Re2 Rd2
0-1

[Event "BADIJ    BAGIJ    I"]
[Site "SchemingMind.com"]
[Date "2018.03.20"]
[Round "-"]
[White "Scooter"]
[Black "John Hamer"]
[Result "0-1"]
[WhiteCountry "USA"]
[BlackCountry "ENG"]
[WhiteElo "1728"]
[WhiteRD "52"]
[BlackElo "2038"]
[BlackRD "65"]
[GameID "426035"]

1. d4 Nf6 2. Nf3 g6 3. Bf4 d5 4. e3 Bg7 5. Be2 O-O 6. O-O c5 7. c3 Nc6 8. Nbd2 b6 9. Ne5 Bb7 10. Bb5 Rc8
11. Nxc6 Bxc6 12. Bxc6 Rxc6 13. Re1 Qc8 14. Nf3 Ne4 15. Nd2 Nf6 16. h3 Qd7 17. e4 Rfc8 18. exd5 Nxd5 19. Be3 e6 20. Nf3 cxd4
21. Nxd4 Rd6 22. Qb3 Rc5 23. Nf3 Ra5 24. Bd4 Rb5 25. Qc2 Bxd4 26. Nxd4 Rc5 27. Rad1 Nf4 28. Nb3 Rg5 29. Rxd6 Qxd6 30. Re3 Nxg2
31. Rg3 Ne3
0-1

[Event "BADIJ    BAGIJ    I"]
[Site "SchemingMind.com"]
[Date "2018.03.20"]
[Round "-"]
[White "John Hamer"]
[Black "Scooter"]
[Result "1-0"]
[WhiteCountry "ENG"]
[BlackCountry "USA"]
[WhiteElo "2038"]
[WhiteRD "65"]
[BlackElo "1728"]
[BlackRD "52"]
[GameID "426036"]

1. c4 Nf6 2. Nf3 g6 3. d4 Bg7 4. Nc3 O-O 5. g3 d5 6. cxd5 Nxd5 7. Bg2 e6 8. O-O c6 9. e4 Nxc3 10. bxc3 Nd7
11. e5 b6 12. Bg5 Qc7 13. Rc1 f6 14. exf6 Bxf6 15. Qb3 Re8 16. Bf4 Qd8 17. Rfd1 Bb7 18. Bd6 Kg7 19. Qc2 Be7 20. Be5+ Nxe5
21. Nxe5 Rc8 22. Be4
1-0

[Event "BADIJ    BAGIJ    I"]
[Site "SchemingMind.com"]
[Date "2018.03.20"]
[Round "-"]
[White "John Hamer"]
[Black "JAHI"]
[Result "1/2-1/2"]
[WhiteCountry "ENG"]
[BlackCountry "INT"]
[WhiteElo "2038"]
[WhiteRD "65"]
[BlackElo "2135"]
[BlackRD "71"]
[GameID "426039"]

1. f4 e6 2. b3 e5 3. fxe5 Qh4+ 4. g3 Qd4 5. Nc3 Qxe5 6. Nf3 Qa5 7. Bb2 Nf6 8. e4 d6 9. Bc4 c6 10. O-O Be7
11. Re1 Nbd7 12. d4 Nb6 13. e5 dxe5 14. Rxe5 Qb4 15. a3 Qd6 16. Bd3 Be6 17. Qe2 Nbd7 18. Ne4 Nxe4 19. Rxe4 Nf6 20. Rh4 Ng4
21. Ng5 Bxg5 22. Rxg4 Bf6 23. Re4 Rf8 24. Re1 a6 25. Bc4 Kd7 26. Bxe6+ fxe6 27. c3 Rae8 28. a4 Bd8 29. Qg4 g6 30. Qe2 Rf5
31. g4=
1/2-1/2

[Event "BADIJ    BAGIJ    I"]
[Site "SchemingMind.com"]
[Date "2018.03.20"]
[Round "-"]
[White "JAHI"]
[Black "John Hamer"]
[Result "1-0"]
[WhiteCountry "INT"]
[BlackCountry "ENG"]
[WhiteElo "2135"]
[WhiteRD "71"]
[BlackElo "2038"]
[BlackRD "65"]
[GameID "426040"]

1. a3 d5 2. c3 Nf6 3. c4 d4 4. e3 Nc6 5. exd4 Nxd4 6. Nf3 e5 7. Nc3 Bd6 8. d3 O-O 9. Be2 Bf5 10. Be3 c5
11. Nh4 Be6 12. h3 Re8 13. Nf3 Qb6 14. Rb1 Rad8 15. Ng5 Bf5 16. Nge4 Be7 17. Bf3 Be6 18. Nxf6+ Bxf6 19. Be4 Nb3 20. Qf3 Qd6
21. Qd1 Qb6 22. Qf3 h6 23. Qg3 Nd4 24. Bc1 Nc2+ 25. Kf1 Kh8 26. Kg1 Qc7 27. Nd5 Bxd5 28. Bxd5 Nd4 29. Qg4 b5 30. Be3 Rd6
31. h4 bxc4 32. dxc4 Rb8 33. Qh5 Nc2 34. Bxh6 g6 35. Qd1 Nd4 36. Bd2 Ne6 37. h5 g5 38. h6 Nf4 39. Bxf4 exf4 40. Rh5 Bxb2
41. Qe1 Bd4 42. Rxb8+ Qxb8 43. Rxg5 Rb6 44. Qe4 Rb1+ 45. Kh2 Bxf2 46. Rg8+ Qxg8 47. Qe5+ Kh7 48. Be4+ Kxh6 49. Qf6+
1-0

[Event "BADIJ    BAGIJ    I"]
[Site "SchemingMind.com"]
[Date "2018.03.20"]
[Round "-"]
[White "John Hamer"]
[Black "Keithk"]
[Result "0-1"]
[WhiteCountry "ENG"]
[BlackCountry "ENG"]
[WhiteElo "2038"]
[WhiteRD "65"]
[BlackElo "2405"]
[BlackRD "65"]
[GameID "426043"]

1. c4 e5 2. Nc3 Nf6 3. e4 Bc5 4. g3 d6 5. h3 O-O 6. Bg2 a6 7. Nge2 b5 8. d4 exd4 9. e5 dxe5 10. Bxa8 c6
11. Nb1 bxc4 12. Nd2 Be6 13. Qa4 Qc8 14. b4 Bd6 15. g4 c3 16. Nb3 Bd5 17. Rf1 Nbd7 18. f4 Nb6 19. Qa5 Nc4 20. Qa4 Qxa8
21. fxe5 d3 22. exd6 Qe8 23. Rf2 Qe4 24. Qxa6 Re8 25. Rh2 dxe2 26. Qa7 Ne5
0-1

[Event "BADIJ    BAGIJ    I"]
[Site "SchemingMind.com"]
[Date "2018.03.20"]
[Round "-"]
[White "Keithk"]
[Black "John Hamer"]
[Result "1-0"]
[WhiteCountry "ENG"]
[BlackCountry "ENG"]
[WhiteElo "2405"]
[WhiteRD "65"]
[BlackElo "2038"]
[BlackRD "65"]
[GameID "426044"]

1. e4 e5 2. Nf3 Nc6 3. Bb5 a6 4. Ba4 d6 5. c3 Nf6 6. d4 Bd7 7. Nbd2 Be7 8. O-O O-O 9. Re1 exd4 10. cxd4 Nb4
11. Bxd7 Qxd7 12. Qb3 a5 13. a3 Na6 14. Nb1 c5 15. Nc3 Rac8 16. e5 Ne8 17. Bg5 cxd4 18. Bxe7 Nc5 19. Qd1 Qxe7 20. Nd5 Qe6
21. Qxd4 Nb3 22. Qd3 Nxa1 23. Ng5 Qh6 24. Ne7+ Kh8 25. Nxc8 Qxg5 26. exd6 Qd8 27. Rxa1 Nf6= 28. Rc1 Ne8 29. h3 f5 30. Rd1 Nf6
31. Ne7 f4 32. d7 g6 33. Qe2 Kg7 34. Rd6 Nxd7 35. Qe6 Rf7 36. Rxd7 Qf8 37. Rxb7
1-0

[Event "BADIJ    BAGIJ    I"]
[Site "SchemingMind.com"]
[Date "2018.03.20"]
[Round "-"]
[White "John Hamer"]
[Black "Robert Hatfield"]
[Result "1-0"]
[WhiteCountry "ENG"]
[BlackCountry "USA"]
[WhiteElo "2038"]
[WhiteRD "65"]
[BlackElo "1835"]
[BlackRD "113"]
[GameID "426045"]

1. b4 e5 2. Bb2 Nf6 3. Bxe5 Bxb4 4. c4 Nc6 5. Bb2 O-O 6. Nf3 d5 7. e3 Be6 8. cxd5 Bxd5 9. Be2 Qe7 10. O-O Rad8
11. a3 Bd6 12. Nc3 Rfe8 13. Qc2 h6 14. d4 Be4 15. Qb3 Ng4 16. Nxe4 Qxe4 17. Bd3 Qe7 18. Qxb7 Rb8 19. Qxc6 Rxb2 20. e4 Rb6
21. Qa4
1-0

[Event "BADIJ    BAGIJ    I"]
[Site "SchemingMind.com"]
[Date "2018.03.20"]
[Round "-"]
[White "Robert Hatfield"]
[Black "John Hamer"]
[Result "1/2-1/2"]
[WhiteCountry "USA"]
[BlackCountry "ENG"]
[WhiteElo "1829"]
[WhiteRD "97"]
[BlackElo "2044"]
[BlackRD "67"]
[GameID "426046"]

1. c4 Nf6 2. d4 e6 3. Nc3 d5 4. Bg5 Be7 5. Nf3 O-O 6. e3 Nbd7 7. Rc1 c6 8. Bd3 dxc4 9. Bxc4 Nd5 10. Ne4 f6
11. Bh4 Bb4+ 12. Ned2 Re8 13. O-O N7b6 14. Bd3 Ne7 15. Qc2 Nf5 16. Bg3 Bf8 17. e4 Nxd4 18. Nxd4 Qxd4 19. Nf3 Qd7 20. Rcd1 Kh8
21. e5 Qf7 22. h4 f5 23. Bf4 Nd5 24. Bd2 Be7 25. g3 Bd7 26. Bc3 b6 27. Qe2 Qg6 28. Bd2 h6 29. Kg2 Red8 30. Rh1 c5
31. h5 Qe8 32. Nh4 Bc6 33. f3 Kg8 34. Ng6 a6 35. b3 Bb5 36. Bc4 Rac8 37. Nf4 Kf7 38. Ng6 Rc7 39. a4 Bc6 40. Bxa6 Kg8
41. Bc4 Bg5 42. Kf2 Rcd7=
1/2-1/2

[Event "BADIJ    BAGIJ    I"]
[Site "SchemingMind.com"]
[Date "2018.03.25"]
[Round "-"]
[White "Glenn O'Brien"]
[Black "grabapawn"]
[Result "1-0"]
[WhiteCountry "AUS"]
[BlackCountry "USA"]
[WhiteElo "1874"]
[WhiteRD "74"]
[BlackElo "1528"]
[BlackRD "56"]
[GameID "426245"]

1. e4 d6 2. d4 Nf6 3. Nc3 Nbd7 4. Nf3 e5 5. Bc4 Be7 6. O-O c6 7. a4 a5 8. h3 Qc7 9. Bg5 h6 10. Be3 g5
11. Re1 g4 12. dxe5 dxe5 13. Nd2 Nf8 14. hxg4 Nxg4 15. Be2 h5 16. Nc4 Ng6 17. Bb6 Qd7 18. Qxd7+ Bxd7 19. Bc7 Nf4 20. Bxg4 hxg4
21. Bxe5 Nh3+ 22. gxh3 Rxh3 23. Rad1 Bc5 24. Nd6+ Ke7 25. Nxb7 Bb6 26. Bd6+ Ke6 27. Nc5+
1-0

[Event "BADIJ    BAGIJ    I"]
[Site "SchemingMind.com"]
[Date "2018.03.26"]
[Round "-"]
[White "grabapawn"]
[Black "Glenn O'Brien"]
[Result "0-1"]
[WhiteCountry "USA"]
[BlackCountry "AUS"]
[WhiteElo "1533"]
[WhiteRD "66"]
[BlackElo "1885"]
[BlackRD "72"]
[GameID "426246"]

1. d4 Nf6 2. Bf4 d5 3. e3 e6 4. Nf3 c5 5. c3 Nc6 6. Bd3 Bd6 7. Bg3 O-O 8. Nbd2 Qe7 9. Ne5 Bxe5 10. dxe5 Nd7
11. Nf3 f6 12. Bh4 Ndxe5 13. Qc2 Nxd3+ 14. Qxd3 g5 15. Bg3 g4 16. Nh4 Ne5 17. Bxe5 fxe5 18. g3 e4 19. Qe2 e5 20. Ng2 Qf6
21. O-O Qa6 22. Qd2 Be6 23. Nh4 Rf7 24. b3 Raf8 25. a4 Rf6 26. b4 c4 27. a5 Qb5 28. Kg2 h5 29. Qd1 Qe8 30. Kg1 R8f7
31. Ra2 Qb8 32. Qa4 Qc8 33. a6 bxa6 34. Qxa6 Qxa6 35. Rxa6 Kh8 36. Ng2 Bc8 37. Rxf6 Rxf6 38. Ra1 a6 39. Ra5 Bb7 40. Rc5 Rf7
41. b5 axb5 42. Rxb5 Kg7 43. Ne1 Bc6 44. Rb6 Rf6 45. Nc2 Ba4 46. Rxf6 Kxf6 47. Nb4 Ke6 48. Kg2 Bd1 49. h3 Be2 50. h4 Kd6
51. Na6 Kc6 52. Nb4+ Kc5 53. Na6+ Kd6 54. Nb8 d4 55. exd4 exd4 56. cxd4 c3
0-1

[Event "BADIJ    BAGIJ    I"]
[Site "SchemingMind.com"]
[Date "2018.03.25"]
[Round "-"]
[White "Glenn O'Brien"]
[Black "Timaeus"]
[Result "1-0"]
[WhiteCountry "AUS"]
[BlackCountry "JPN"]
[WhiteElo "1874"]
[WhiteRD "74"]
[BlackElo "1482"]
[BlackRD "74"]
[GameID "426247"]

1. e4 e5 2. Nf3 Nc6 3. Bb5 d6 4. d4 Bd7 5. Nc3 exd4 6. Nxd4 Nxd4 7. Bxd7+ Qxd7 8. Qxd4 c5 9. Qd3 g6 10. Bf4 a6
11. O-O Nf6 12. Rad1 Be7 13. Bxd6 Bxd6 14. Qxd6 Qe6 15. Qxc5 Nxe4 16. Nxe4 Rd8 17. Nf6+ Qxf6 18. Rfe1+
1-0

[Event "BADIJ    BAGIJ    I"]
[Site "SchemingMind.com"]
[Date "2018.03.26"]
[Round "-"]
[White "Timaeus"]
[Black "Glenn O'Brien"]
[Result "0-1"]
[WhiteCountry "JPN"]
[BlackCountry "AUS"]
[WhiteElo "1482"]
[WhiteRD "74"]
[BlackElo "1874"]
[BlackRD "74"]
[GameID "426248"]

1. d4 Nf6 2. Bf4 d5 3. e3 e6 4. Bd3 c5 5. c4 Nc6 6. Ne2 Qb6 7. dxc5 Qxb2 8. Nbc3 dxc4 9. Bxc4 Qb4 10. Bb3 Bxc5
11. O-O O-O 12. Qd2 Rd8 13. Qc2 e5 14. Bg3 Qa5 15. a3 Bg4 16. Ne4 Nxe4 17. Qxe4 Bxe2 18. Rfe1 Bd3 19. Bxf7+ Kxf7 20. Qf3+ Kg8
21. Red1 Bxa3 22. e4 Qc3 23. Ra2 Bxe4 24. Qe2 Rxd1+ 25. Qxd1 Rd8 26. Qf1 Qc1 27. f3 Bc5+
0-1

[Event "BADIJ    BAGIJ    I"]
[Site "SchemingMind.com"]
[Date "2018.03.25"]
[Round "-"]
[White "Glenn O'Brien"]
[Black "Scooter"]
[Result "1-0"]
[WhiteCountry "AUS"]
[BlackCountry "USA"]
[WhiteElo "1874"]
[WhiteRD "74"]
[BlackElo "1728"]
[BlackRD "52"]
[GameID "426249"]

1. e4 c6 2. d4 d5 3. Nc3 dxe4 4. Nxe4 Bf5 5. Ng3 Bg6 6. h4 h6 7. Nf3 Nd7 8. h5 Bh7 9. Bd3 Bxd3 10. Qxd3 Qc7
11. Bd2 Ngf6 12. O-O-O e6 13. Ne4 Nxe4 14. Qxe4 Be7 15. Kb1 Nf6 16. Qe2 O-O-O 17. g3 Qb6 18. Ne5 Rhf8 19. Ng6 Ba3 20. Bc1 Rxd4
21. Nxf8
1-0

[Event "BADIJ    BAGIJ    I"]
[Site "SchemingMind.com"]
[Date "2018.03.26"]
[Round "-"]
[White "Scooter"]
[Black "Glenn O'Brien"]
[Result "0-1"]
[WhiteCountry "USA"]
[BlackCountry "AUS"]
[WhiteElo "1728"]
[WhiteRD "52"]
[BlackElo "1874"]
[BlackRD "74"]
[GameID "426250"]

1. d4 Nf6 2. Nf3 g6 3. Bf4 Bg7 4. e3 O-O 5. Be2 d6 6. O-O Nbd7 7. Nbd2 Re8 8. h3 e5 9. dxe5 dxe5 10. Bg5 c6
11. Ne4 Qe7 12. Nd6 Rf8 13. e4 Nc5 14. Nxc8 Rfxc8 15. Bd3 h6 16. Bxf6 Bxf6 17. a3 Rd8 18. Qe2 Ne6 19. Rad1 Nf4 20. Qe1 Rd7
21. Bc4 Rxd1 22. Qxd1 Qc5 23. Bb3 Rd8 24. Qe1 Bg7 25. Qb4 Qxb4 26. axb4 Kf8 27. Ne1 Rd4 28. f3 Rxb4 29. Kf2 a5 30. h4 a4
0-1

[Event "BADIJ    BAGIJ    I"]
[Site "SchemingMind.com"]
[Date "2018.03.25"]
[Round "-"]
[White "Glenn O'Brien"]
[Black "John Hamer"]
[Result "1/2-1/2"]
[WhiteCountry "AUS"]
[BlackCountry "ENG"]
[WhiteElo "1867"]
[WhiteRD "73"]
[BlackElo "2044"]
[BlackRD "67"]
[GameID "426253"]

1. e4 e5 2. Nf3 Nf6 3. Nxe5 d6 4. Nf3 Nxe4 5. d4 d5 6. Bd3 Bd6 7. O-O O-O 8. c4 c6 9. cxd5 cxd5 10. Nc3 Nxc3
11. bxc3 Bg4 12. Rb1 Nd7 13. h3 Bh5 14. Rb5 Nb6 15. c4 Bxf3 16. Qxf3 dxc4 17. Bc2 Qd7 18. a4 Qc7 19. a5 Qd7 20. Qf5 Qxf5
21. Bxf5 Na4 22. Rxb7 Nc3 23. Re1 g6 24. Bd7 Nd5 25. Bh6 Rfd8 26. Rc1 c3 27. Bc6 Bf8 28. Bxf8 Nf4 29. Rbb1 Ne2+ 30. Kf1 Nxc1
31. Rxc1 Kxf8 32. Bxa8 Rxa8 33. Rxc3 Rd8 34. Rc4 Rd5 35. a6 Rd6 36. Ra4 Ke7 37. Ke2 Re6+ 38. Kd3 Rb6=
1/2-1/2

[Event "BADIJ    BAGIJ    I"]
[Site "SchemingMind.com"]
[Date "2018.03.26"]
[Round "-"]
[White "John Hamer"]
[Black "Glenn O'Brien"]
[Result "1/2-1/2"]
[WhiteCountry "ENG"]
[BlackCountry "AUS"]
[WhiteElo "2038"]
[WhiteRD "65"]
[BlackElo "1874"]
[BlackRD "74"]
[GameID "426254"]

1. c4 e5 2. Nc3 Nf6 3. d3 Nc6 4. g3 d5 5. cxd5 Nxd5 6. Bg2 Be6 7. Nf3 Be7 8. O-O O-O 9. Bd2 Nb6 10. a3 f5
11. Rc1 a5 12. Be3 Bf6 13. Bc5 Rf7 14. e4 Rd7 15. exf5 Bxf5 16. Ne1 Bxd3 17. Nxd3 Rxd3 18. Qb3+ Kh8 19. Be4 Rd2 20. Be3 a4
21. Qa2 Rd7 22. Bf5 Re7 23. Bc5 Re8 24. Rfd1 Nd4 25. Be4 Nd7 26. Bxd4 exd4 27. Bxb7 Ra5 28. Nd5 Nc5 29. Bc6 Re6 30. Nb4 Qd6
31. Bd5 Re2 32. Nc6 Rb5 33. Nb4=
1/2-1/2

[Event "BADIJ    BAGIJ    I"]
[Site "SchemingMind.com"]
[Date "2018.03.25"]
[Round "-"]
[White "Glenn O'Brien"]
[Black "JAHI"]
[Result "0-1"]
[WhiteCountry "AUS"]
[BlackCountry "INT"]
[WhiteElo "1867"]
[WhiteRD "73"]
[BlackElo "2126"]
[BlackRD "72"]
[GameID "426255"]

1. e4 d6 2. d4 d5 3. e5 f6 4. Nf3 fxe5 5. dxe5 Nc6 6. Bd3 Bg4 7. Bb5 e6 8. O-O Ne7 9. c4 a6 10. cxd5 axb5
11. dxc6 Qxd1 12. Rxd1 Nxc6 13. Bf4 Bb4 14. Bg3 Rf8 15. Rd3 Rf7 16. Ng5 Bf5 17. Rd1 Rd7 18. Rxd7 Kxd7 19. Nd2 Bxd2 20. Rd1 Rxa2
21. Rxd2+ Ke8 22. f3 Na5 23. Rd1 h6 24. Ne4 Bxe4 25. fxe4 Rxb2 26. Ra1 b6 27. Rc1 Nc4 28. Re1 b4 29. Rc1 b5 30. Ra1 b3
31. Ra8+ Kd7 32. Ra1 Ra2 33. Rd1+ Kc6 34. Bf2 b2 35. Bd4 Nd2 36. Bxb2 Rxb2 37. Re1 b4 38. Rc1+ Kb6 39. Ra1 Rb1+ 40. Rxb1 Nxb1
0-1

[Event "BADIJ    BAGIJ    I"]
[Site "SchemingMind.com"]
[Date "2018.03.26"]
[Round "-"]
[White "JAHI"]
[Black "Glenn O'Brien"]
[Result "1-0"]
[WhiteCountry "INT"]
[BlackCountry "AUS"]
[WhiteElo "2127"]
[WhiteRD "70"]
[BlackElo "1885"]
[BlackRD "72"]
[GameID "426256"]

1. h3 e5 2. d3 d5 3. d4 e4 4. f3 Qh4+ 5. Kd2 Qf2 6. fxe4 Qxd4+ 7. Ke1 Qxd1+ 8. Kxd1 dxe4 9. Nc3 Nf6 10. Bd2 Bd6
11. e3 O-O 12. Nge2 Rd8 13. Kc1 Nc6 14. a3 Be5 15. Be1 Ne7 16. Bg3 Bxg3 17. Nxg3 Nf5 18. Nxf5 Bxf5 19. b3 Nd5 20. Nxd5 Rxd5
21. Bc4 Rd6 22. Kb2 Be6 23. Bxe6 fxe6 24. Rhf1 e5 25. Rf5 Re8 26. Raf1 a6 27. Rf7 Rc6 28. h4 Rc5 29. h5 b6 30. R1f5 g6
31. R5f6 gxh5 32. Rd7 c6 33. Rff7 Re6 34. Rg7+ Kh8 35. Rxh7+ Kg8 36. Rdg7+ Kf8 37. Rb7 Kg8 38. Rhg7+ Kh8 39. Rgc7 Rg6 40. Rc8+ Rg8
41. Rxg8+ Kxg8 42. Rxb6 a5 43. Ra6 Kg7 44. Ra7+ Kh6 45. Rc7 Kg5 46. Rg7+ Kf6 47. Rh7 Kg6 48. Rd7 Kf5 49. Rf7+ Kg6 50. Rc7 Kf5
51. Rc8 Kg5 52. Rg8+ Kf6 53. Rf8+ Kg7 54. Rc8 Kf6 55. b4 axb4 56. axb4 Rd5 57. Rxc6+ Kf5 58. Kc3 h4 59. Rh6 Kg5 60. Rh8 Kg4
61. Kc4 Rd2 62. Rg8+ Kf5 63. c3 Re2 64. b5 Rb2 65. Rg7 Kf6 66. Rg4 Kf5 67. Rxh4 Rxg2 68. Kc5 Rc2 69. c4 Re2 70. Rh5+ Kg4
71. Rxe5 Kf3 72. b6 Rb2 73. Kc6 Rg2 74. b7 Rg6+ 75. Kd7 Rg8 76. Re8
1-0

[Event "BADIJ    BAGIJ    I"]
[Site "SchemingMind.com"]
[Date "2018.03.25"]
[Round "-"]
[White "Glenn O'Brien"]
[Black "Keithk"]
[Result "1/2-1/2"]
[WhiteCountry "AUS"]
[BlackCountry "ENG"]
[WhiteElo "1874"]
[WhiteRD "74"]
[BlackElo "2405"]
[BlackRD "65"]
[GameID "426259"]

1. e4 c5 2. Nf3 d6 3. d4 cxd4 4. Nxd4 Nf6 5. Nc3 a6 6. Bg5 e6 7. f4 Qb6 8. Qd2 Qxb2 9. Rb1 Qa3 10. e5 dxe5
11. fxe5 Nfd7 12. Ne4 h6 13. Bh4 Qxa2 14. Rd1 Qd5 15. Qe3 Qxe5 16. Be2 Bc5 17. Bg3 Bxd4 18. Rxd4 Qa5+ 19. Rd2 O-O 20. Bd6 Re8
21. O-O f5 22. Qg3 Rf8 23. Bxf8 Nxf8 24. Nf6+ Kf7 25. Ne4 Kg8 26. Nf6+ Kf7 27. Ne4 Kg8 28. Nf6+ Kf7 29. Ne4 Kg8 30. Nf6+ Kf7
31. Ne4 Kg8 32. Nf6+ Kf7 33. Ne4
1/2-1/2

[Event "BADIJ    BAGIJ    I"]
[Site "SchemingMind.com"]
[Date "2018.03.26"]
[Round "-"]
[White "Keithk"]
[Black "Glenn O'Brien"]
[Result "1-0"]
[WhiteCountry "ENG"]
[BlackCountry "AUS"]
[WhiteElo "2405"]
[WhiteRD "65"]
[BlackElo "1874"]
[BlackRD "74"]
[GameID "426260"]

1. e4 e5 2. Nf3 Nc6 3. Bb5 a6 4. Ba4 Nf6 5. O-O Be7 6. Re1 b5 7. Bb3 O-O 8. c3 d6 9. h3 Na5 10. Bc2 c5
11. d4 Qc7 12. d5 Bd7 13. b3 Nb7 14. c4 Rfe8 15. Nc3 g6 16. Ne2 Na5 17. Bd3 Kg7 18. Ng3 bxc4 19. bxc4 Rab8 20. Bd2 h6
21. Qc1 Rh8 22. Qa3 Bd8 23. Rab1 Rxb1 24. Rxb1 g5 25. h4 g4 26. Nh2 Kg6 27. Nhf1 Nh5 28. Nxh5 Kxh5 29. Ng3+ Kg6 30. h5+ Kh7
31. Nf5 Bxf5 32. exf5 Re8 33. f6+ Kh8 34. Bxa5 Qxa5 35. Qc1
1-0